000 00328nam a2200145Ia 4500
008 230917s9999||||xx |||||||||||||| ||und||
040 _e226993
_aMAIN
041 _aEnglish
082 _a155.5 S 41 P
100 _aSujata
245 0 _aParenting stress,home environment.
260 _c2014
300 _a96 p.
942 _cTH
999 _c126483
_d126483